| 000 | 00580nam a22001817a 4500 | ||
|---|---|---|---|
| 005 | 20251128114010.0 | ||
| 008 | 251125b |||||||| |||| 00| 0 eng d | ||
| 020 | _a978-81-19613-10-6 | ||
| 041 | _aeng | ||
| 082 | _a615.5 KHA-T | ||
| 100 |
_aKHAN, SHAHRUKH 2- KUMAR, DR, NISHANT KUMAR 3- SHUKLA, DR, ANKIT 4- RANDHAWA, AMANDEEP SINGH _98817 |
||
| 245 | _aTEXT BOOK OF PHARMACY PRACTICE FOR B. PHARM [ 7TH SEMESTER] | ||
| 250 | _a1ST ED, 2024 | ||
| 260 |
_aNEW DELHI _bINNOVATIVE PUBLICATION PVT. LTD _c2024 |
||
| 300 | _a171;P | ||
| 650 |
_aPHARMACY _xB.PHARMA |
||
| 942 | _cBK | ||
| 999 |
_c8998 _d8996 |
||